|
|
|
|
| LEADER |
00000ncm a2200000 a 4500 |
| 001 |
vtls010308266 |
| 003 |
SK-MaSNL |
| 005 |
20260301032022.0 |
| 007 |
qu |
| 008 |
110902s2010 xo sggef b slo |
| 015 |
|
|
|a SNBH2014
|
| 020 |
|
|
|a 9788097050665 (brož.)
|
| 040 |
|
|
|a SNK
|b slo
|c SNK
|e AACR2
|
| 041 |
0 |
|
|a slo
|
| 044 |
|
|
|a xo
|c SK
|
| 048 |
|
|
|a wa01
|a ka01
|
| 048 |
|
|
|a sa01
|
| 072 |
|
7 |
|a 787
|x Hudba pre strunové a sláčikové nástroje
|2 konspekt
|
| 072 |
|
7 |
|a 788
|x Hudba pre dychové nástroje
|2 konspekt
|
| 080 |
|
|
|a 788.52:784.4.088(=162.4)
|2 2001
|
| 080 |
|
|
|a 787.1:784.4.088(=162.4)
|2 2001
|
| 080 |
|
|
|a 788.52.088:784.67
|2 2001
|
| 080 |
|
|
|a 787.1.088:784.67
|2 2001
|
| 080 |
|
|
|a 78.089.6.087
|2 2001
|
| 084 |
|
|
|a 2.3.3
|2 snlmc
|
| 245 |
0 |
0 |
|a My Sme Malí Muzikanti
|h hudobnina
|b slovenské ľudové piesne pre sopránovú/altovú zobcovú flautu (flautu, husle) a klavír
|c vybral a upravil Kamil Šebek ; [ilustrácie: Lukrécia Bílková]
|
| 250 |
|
|
|a 1. vyd.
|
| 254 |
|
|
|a Partitúra a hlasy
|
| 260 |
|
|
|a [Bratislava]
|b Dalibor Banga - Únia
|c 2010
|
| 300 |
|
|
|a 1 partitúra (30 s.) + 2 hlasy (15, 15 s.)
|c 30 cm
|
| 366 |
|
|
|e 500 výt.
|
| 650 |
0 |
7 |
|a slovenské ľudové piesne (zobcová flauta, klavír), úpravy
|2 SNKPH
|9 328551
|
| 650 |
0 |
7 |
|a slovenské ľudové piesne (husle), úpravy
|2 SNKPH
|9 328552
|
| 650 |
0 |
7 |
|a detské ľudové piesne (zobcová flauta, klavír), úpravy
|2 SNKPH
|9 328553
|
| 650 |
0 |
7 |
|a detské ľudové piesne (husle), úpravy
|2 SNKPH
|9 328554
|
| 650 |
0 |
7 |
|a Slovak folk songs (recorder, piano), arrangement
|2 SNKPHeng
|9 328555
|
| 650 |
0 |
7 |
|a Slovak folk songs (violin), arrangement
|2 SNKPHeng
|9 328556
|
| 650 |
0 |
7 |
|a Children's folk songs (recorder, piano), arrangement
|2 SNKPHeng
|9 328557
|
| 650 |
0 |
7 |
|a Children's folk songs (violin), arrangement
|2 SNKPHeng
|9 328558
|
| 655 |
|
7 |
|a partitúry a hlasy
|2 SNKPH
|9 70304
|
| 655 |
|
7 |
|a Scores and parts
|2 SNKPHeng
|9 303707
|
| 700 |
1 |
|
|a Šebek, Kamil
|4 adp
|4 com
|9 328559
|
| 700 |
1 |
|
|a Bílková, Lukrécia
|4 ill
|9 328560
|
| 919 |
|
|
|a 978-80-970506-6-5
|
| 924 |
|
|
|a sopránová/altová zobcová flauta, klavír
|
| 924 |
|
|
|a husle
|
| 999 |
|
|
|c 577680
|d 579610
|
| 952 |
|
|
|a SNK
|b SNK
|y PREZ
|7 0
|p 17A0716913
|o snkHSB 4417
|i snk2011/18249
|8 0
|3 Dokument obsahu 2 samostatné príl. pre altovú a sopránovú zobcovú flautu -- Dokument obsahuje 2 samostatné príl. pre altovú a sopránovú zobcovú flautu
|0 0
|1 0
|4 0
|d 2011-09-02
|l 0
|r 2026-02-23 14:38:55
|w 2026-02-23
|
| 952 |
|
|
|a SNK
|b SNK
|y PREZ
|7 0
|p 17A0716914
|o snkHSB 4417/príl.1
|i snk2011/18249
|8 0
|z Príl.: part pre altovú zobcovú flautu
|0 0
|1 0
|4 0
|d 2011-09-02
|l 0
|r 2026-02-23 14:38:55
|w 2026-02-23
|
| 952 |
|
|
|a SNK
|b SNK
|y PREZ
|7 0
|p 17A0716915
|o snkHSB 4417/príl.2
|i snk2011/18249
|8 0
|z Príl.: part pre sopránovú zobcovú flautu (flautu, husle)
|0 0
|1 0
|4 0
|d 2011-09-02
|l 0
|r 2026-02-23 14:38:55
|w 2026-02-23
|
| 952 |
|
|
|a SNK
|b SNK
|y VYP
|7 0
|p 17A1172045
|o snkHSB 4417 D1
|i snk2015/27019
|8 0
|3 Dokument obsahuje 2 príl. pre altovú a sopránovú zobcovú flautu
|0 0
|1 0
|4 0
|d 2015-09-24
|l 0
|r 2026-02-23 14:38:55
|w 2026-02-23
|
| 952 |
|
|
|a SNK
|b SNK
|y VYP
|7 0
|p 17A1172046
|o snkHSB 4417/príl.1 D1
|i snk2015/27019
|8 0
|z Príl.: part pre altovú zobcovú flautu
|0 0
|1 0
|4 0
|d 2015-09-24
|l 0
|r 2026-02-23 14:38:55
|w 2026-02-23
|
| 952 |
|
|
|a SNK
|b SNK
|y VYP
|7 0
|p 17A1172047
|o snkHSB 4417/príl.2 D1
|i snk2015/27019
|8 0
|z Príl.: part pre sopránovú zobcovú flautu (flautu, husle)
|0 0
|1 0
|4 0
|d 2015-09-24
|l 0
|r 2026-02-23 14:38:55
|w 2026-02-23
|